Responses for Show #8219 - Thursday, May 21, 2020

Contestants

[<< previous game]

Shawn Buell, a civil engineer from Zachary, Louisiana

Michelle Kanter Cohen, a voting rights attorney from Silver Spring, Maryland

Nathan Berger, a restaurateur and sommelier from South Portland, Maine (whose 1-day cash winnings total $11,999)

[next game >>]

Jeopardy! Round responses

DRINK UP: IT'S THIRST-DAY
GEOGRAPHY
CHANNEL THAT ABBREV.
FACTS & FIGURES
"YE" OLD
STORY OF MYTH
    $200 1
a daiquiri

Shawn
    $200 2
the Amazon

Michelle
    $200 24
Comedy Central

Michelle
    $200 19
the Earth & the Sun

Michelle
    $200 15
a yearbook

Michelle
    $200 9
Hercules

Nathan
    $400 4
a Cadillac margarita

Nathan
    $400 3
Morocco

Nathan
    $400 25
Sundance

Michelle
    $400 20
535

Shawn
    $400 14
yeast

Nathan
    $400 10
Athens

Shawn
    $600 5
an old-fashioned

Nathan
    $600 7
the Indian Ocean

Nathan
    $600 26
Cinemax

Shawn
    $600 21
H&R Block

Nathan
    $600 16
(Nathan: What is a yell?)

yelp

NathanShawn
    $600 11
(Nathan: Who is Eros?)
(Michelle: Who is Aphrodite?)

Cupid

NathanMichelle
Triple Stumper
    $800 6
a toddy

Michelle
    $1,000 22
St. Kitts

Nathan
    $800 27
Turner Network Television

Shawn
    $800 29
Easter Island

Shawn
    $800 17
yeoman

Shawn
    $800 12
Jason

Shawn
    $1000 8
(Nathan: What is Kir Royale?)

the French 75

Nathan
Triple Stumper
    $1000 23
Mindanao

Triple Stumper
    $1000 28
FOX Business

Shawn
    $1000 30
France

Shawn
    $1000 18
a yeshiva

Michelle
    $1000 13
Pyramus

Triple Stumper

Scores at the first commercial break (after clue 15):

Nathan Michelle Shawn
$1,000 $600 $1,400

Scores at the end of the Jeopardy! Round:

Nathan Michelle Shawn
$2,000 $2,400 $7,400

Double Jeopardy! Round responses

SOLD! AT SOTHEBY'S
RUN ON SENTENCES
HIGHWAYS
WORDS THAT RHYME
BOSS HOG
THEM DUKE BOYS!
    $400 5
Monet

Nathan
    $400 8
three blind mice

Michelle
    $400 12
Route 66

Michelle
    $400 1
a finger & a singer

Michelle
    $400 17
King Arthur

Triple Stumper
    $400 22
Scotland

Triple Stumper
    $800 6
(Edvard) Munch

Michelle
    $800 9
(Shawn: What is Psalm 29?)

Psalm 23 (the 23rd Psalm)

MichelleShawn
    $800 13
the Camino Real

Shawn
    $800 2
proof & aloof

Nathan
    $800 18
Babe

Shawn
    $800 23
the Duke of Wellington

Michelle
    $1200 7
Gainsborough

Shawn
    $1200 10
he can't hide

Nathan
    $1200 14
the Dixie Highway

Shawn
    $1200 3
pled & shred

Triple Stumper
    $1200 19
Wilbur

Michelle
    $1200 24
Newcastle

Triple Stumper
    $1600 11
Banksy

Shawn
    $1600 29
Vienna

Michelle
    $3,000 15
Taiwan

Shawn
    $800 4
(Nathan: [Muttering])
(Alex: Nathan?)
(Nathan: What is cheap and greet?)

menial & genial

Nathan
    $1600 20
Napoleon

Shawn
    $1600 25
the Tower of London

Michelle
    $2000 28
Giacometti

Nathan
    $2000 30
A Midsummer Night's Dream

Michelle
    $2000 16
the Trans-Canada Highway

Triple Stumper
    $2000 27
cull & mull

Shawn
    $2000 21
(Alex: Journey to [*].)

the West

Triple Stumper
    $2000 26
prince

Triple Stumper

Scores at the end of the Double Jeopardy! Round:

Nathan Michelle Shawn
$5,600 $12,400 $18,800

[wagering suggestions for these scores]

Final Jeopardy! Round responses

MILITARY SLANG
[NOTE: Shawn inserted "is" with a caret.]
NathanWhat is the brass?
$0
MichelleWhat is top brass?
$400
ShawnWhat is the brass?
$6,001
brass

Final scores:

Nathan Michelle Shawn
$5,600 $12,800 $24,801
3rd place: $1,000 2nd place: $2,000 New champion: $24,801

Game dynamics:

Coryat scores:

Nathan Michelle Shawn
$6,200 $12,400 $17,400
12 R
(including 1 DD),
4 W
(including 1 DD)
17 R,
1 W
19 R
(including 1 DD),
1 W

Combined Coryat: $36,000

[game clues] [game scores] [suggest correction]

Game tape date: 2020-03-10
The J! Archive is created by fans, for fans. Scraping, republication, monetization, and malicious use prohibited; this site may use cookies and collect identifying information. See terms. The Jeopardy! game show and all elements thereof, including but not limited to copyright and trademark thereto, are the property of Jeopardy Productions, Inc. and are protected under law. This website is not affiliated with, sponsored by, or operated by Jeopardy Productions, Inc. Join the discussion at JBoard.tv.